Faculty of Law Library — Cairo University

Official Online Catalog

L’amélioration des rapports entre l’administration et les administrés : (Record no. 76406)

MARC details
000 -LEADER
fixed length control field 01241nam a2200313 4500
003 - CONTROL NUMBER IDENTIFIER
control field EG-GICUC
005 - DATE AND TIME OF LATEST TRANSACTION
control field 20260509162142.0
008 - FIXED-LENGTH DATA ELEMENTS--GENERAL INFORMATION
fixed length control field 260509s1993 fr ||||fr|||| 00| 0 fre d
040 ## - CATALOGING SOURCE
Original cataloging agency EG-GiCUC
Language of cataloging fre
Transcribing agency EG-GiCUC
Modifying agency EG-GiCUC
Description conventions Rda
041 0# - LANGUAGE CODE
Language code of text/sound track or separate title fre
082 04 - DEWEY DECIMAL CLASSIFICATION NUMBER
Edition number 21
Classification number 345.3
Item number DE . A
092 04 - LOCALLY ASSIGNED DEWEY CALL NUMBER (OCLC)
Edition number 21
099 ## - LOCAL FREE-TEXT CALL NUMBER (OCLC)
Classification number Law1 07 345.3 DE . A 1993
100 1# - MAIN ENTRY--PERSONAL NAME
Personal name Delaunay, Bénédicte.
Relator term Auteur
245 12 - TITLE STATEMENT
Title L’amélioration des rapports entre l’administration et les administrés :
Remainder of title contribution à l’étude des réformes administratives entreprises depuis 1945 /
Statement of responsibility, etc. Bénédicte Delaunay ; préface de Christian Debouy.
264 #1 - PRODUCTION, PUBLICATION, DISTRIBUTION, MANUFACTURE, AND COPYRIGHT NOTICE
Place of production, publication, distribution, manufacture Paris :
Name of producer, publisher, distributor, manufacturer Libr. générale de droit et de jurisprudence,
Date of production, publication, distribution, manufacture, or copyright notice 1993.
300 ## - PHYSICAL DESCRIPTION
Extent x, 1003 Pages ;
Dimensions 24 cm.
336 ## - CONTENT TYPE
Source rda contenu
Content type term texte
337 ## - MEDIA TYPE
Source rda medias
Media type term Ordinateur
338 ## - CARRIER TYPE
Source transporteur rda
Carrier type term Ressource en ligne
490 ## - SERIES STATEMENT
Materials specified Bibliothèque de droit public,
International Standard Serial Number 0520-0288
Volume/sequential designation 172
504 ## - BIBLIOGRAPHY, ETC. NOTE
Bibliography, etc. note Includes bibliographical references (p. [941]-975) and index.
546 ## - LANGUAGE NOTE
Language note Texte en français
650 1# - SUBJECT ADDED ENTRY--TOPICAL TERM
Topical term or geographic name entry element Activité administrative
700 1# - ADDED ENTRY--PERSONAL NAME
Personal name Debouy, Christian
Relator term Préfacier
856 40 - ELECTRONIC LOCATION AND ACCESS
Uniform Resource Identifier <a href="https://fll.law.cu.edu.eg/fulltext/bks/B07-05083.pdf">https://fll.law.cu.edu.eg/fulltext/bks/B07-05083.pdf</a>
905 ## - Cataloger and Reviser Names
Cataloger Name: Abdulrhman Sobhy
942 ## - ADDED ENTRY ELEMENTS (KOHA)
Source of classification or shelving scheme Dewey Decimal Classification
Koha item type Books
Edition 21
Suppress in OPAC No
Holdings
Withdrawn status Lost status Source of classification or shelving scheme Damaged status Not for loan Collection Home library Current library Date acquired Total checkouts Full call number Barcode Date last seen Copy number Price effective from Koha item type
    Dewey Decimal Classification   Not for loan القانون الإداري جــــامعة القــاهرة مكتبة كلية الحقوق - المبنى الرئيسي 09.05.2026   Law1 07 345.3 DE . A 1993 0705083 C1 B07-05083 09.05.2026 1 09.05.2026 Books

© All rights reserved — Faculty of Law, Cairo University